| 000 | 00481nam a22001457a 4500 | ||
|---|---|---|---|
| 082 | _a620.1 | ||
| 100 | _aSharjil, Muhammad | ||
| 245 |
_atrajectory Generation and Tracking for UAV Landing / _cMuhammad Sharjil. |
||
| 260 |
_aIslamabad : _bCEME- NUST, _c2014. |
||
| 300 |
_a90p. : ill. ; _c30cm. |
||
| 650 |
_aMechanical Engineering - MS Theses. _930365 |
||
| 700 |
_aSup: Dr. Hasan Aftab Saeed. _934748 |
||
| 942 |
_2ddc _cTHE |
||
| 999 |
_c540624 _d540624 |
||